Modeling, Analysis and Optimization of Network-on-Chip Communication Architectures
Record details
- ISBN: 9789400739581
-
Physical Description:
electronic
electronic resource
access
remote
XIV, 174 p. 67 illus., 10 illus. in color. online resource. - Publisher: Dordrecht : Springer Netherlands : Imprint: Springer, 2013.
Search for related items by subject
| Subject: | Engineering Computer science Systems engineering Engineering Circuits and Systems Processor Architectures |
Search for related items by series
Electronic resources
| LDR | 01588nam a22004095i 4500 | ||
|---|---|---|---|
| 001 | 27397 | ||
| 003 | CONS | ||
| 005 | 20130726205031.0 | ||
| 007 | cr nn 008mamaa | ||
| 008 | 130321s2013 ne | s |||| 0|eng d | ||
| 020 | . | ‡a9789400739581 ‡9978-94-007-3958-1 | |
| 024 | 7 | . | ‡a10.1007/978-94-007-3958-1 ‡2doi |
| 035 | . | ‡a(DE-He213)978-94-007-3958-1 | |
| 050 | 4. | ‡aTK7888.4 | |
| 072 | 7. | ‡aTJFC ‡2bicssc | |
| 072 | 7. | ‡aTEC008010 ‡2bisacsh | |
| 100 | 1 | . | ‡aOgras, Umit Y. ‡eauthor. |
| 245 | 1 | 0. | ‡aModeling, Analysis and Optimization of Network-on-Chip Communication Architectures ‡h[electronic resource] / ‡cby Umit Y. Ogras, Radu Marculescu. |
| 264 | 1. | ‡aDordrecht : ‡bSpringer Netherlands : ‡bImprint: Springer, ‡c2013. | |
| 300 | . | ‡aXIV, 174 p. 67 illus., 10 illus. in color. ‡bonline resource. | |
| 336 | . | ‡atext ‡btxt ‡2rdacontent | |
| 337 | . | ‡acomputer ‡bc ‡2rdamedia | |
| 338 | . | ‡aonline resource ‡bcr ‡2rdacarrier | |
| 347 | . | ‡atext file ‡bPDF ‡2rda | |
| 490 | 1 | . | ‡aLecture Notes in Electrical Engineering, ‡x1876-1100 ; ‡v184 |
| 650 | 0. | ‡aEngineering. | |
| 650 | 0. | ‡aComputer science. | |
| 650 | 0. | ‡aSystems engineering. | |
| 650 | 1 | 4. | ‡aEngineering. |
| 650 | 2 | 4. | ‡aCircuits and Systems. |
| 650 | 2 | 4. | ‡aProcessor Architectures. |
| 700 | 1 | . | ‡aMarculescu, Radu. ‡eauthor. |
| 710 | 2 | . | ‡aSpringerLink (Online service) |
| 773 | 0 | . | ‡tSpringer eBooks |
| 776 | 0 | 8. | ‡iPrinted edition: ‡z9789400739574 |
| 830 | 0. | ‡aLecture Notes in Electrical Engineering, ‡x1876-1100 ; ‡v184 | |
| 856 | 4 | 0. | ‡uhttp://biblioteca.ipicyt.edu.mx:2048/login?url=http://dx.doi.org/10.1007/978-94-007-3958-1 ‡yTexto completo ‡9CONS |
| 950 | . | ‡aEngineering (Springer-11647) | |
| 901 | . | ‡a27397 ‡b ‡c27397 ‡tbiblio ‡sSystem Local | |